00993cam a22002651 4500001001300000003000400013005001700017008004100034010001700075035002000092040001800112042001200130050001900142100004400161245008500205260001000290300003200300490013600332500002800468500004000496502006100536504003000597600003200627830006800659sa 68005967 DLC20260227112512.0890626s1965 ii b 000 0 hino  asa 68005967  a(OCoLC)19929310 aDLCcWaUdDLC apremarc00aPK5013.H35bZ81 aŚāstrī, Nemīcandra,d1922-1974.10aHaribhadra ke Prākr̥ta kathāsāhitya kā ālocanātmaka pariśīlana. c1965. a2, 2, 14, 419, 8 p.c25 cm.1 aMuzaffarpur, India. Research Institute of Prakrit, Jainology & Ahimsa. Prakrit Jain Institute research publications series,vv. 2 aAdded t. p. in English. aIn Hindi; editor's note in English. a"Ph. D. thesis ... approved by the University of Bihar." aBibliography: p. 404-412.00aHaribhadrasūri,d700-770. 0aPrākr̥ta Jaina Śodha-Saṃsthāna granthamālā ;vv. 2